Statistics for Football - Top Leagues of Asia #1

Click here to take the quiz!

General Stats

  • This quiz has been taken 17 times
  • The average score is 5 of 20

Answer Stats

CompetitionCOUNTRY% Correct
Gaza Strip LeaguePalestine
78%
Abdul Lateef Jameel LeagueSaudi Arabia
78%
___ Arabian Gulf LeagueUnited Arab Emirates
78%
Toyota V.League 1Vietnam
67%
Hyundai A-LeagueAustralia
56%
Persian Gulf Pro LeagueIran
56%
Metfone C-LeagueCambodia
22%
Ping An _______ F.A. Super LeagueChina
11%
AL-Manaseer _________ Premier LeagueJordan
11%
Dhivehi Premier LeagueMaldives
11%
Great Eastern SEO'S S.LeagueSingapore
11%
Bank of ______ National LeagueBhutan
0%
BOCG Life ____ ____ Premier LeagueHong Kong
0%
alfa ________ Premier LeagueLebanon
0%
Liga de EliteMacau
0%
MNL OoredooMyanmar (Burma)
0%
M*League Division 1Northern Mariana Islands
0%
Highest Class Football LeagueNorth Korea
0%
Jawwal West Bank Premier LeaguePalestine
0%
Super Liga _________Timor-Leste (East Timor)
0%

Score Distribution

Percentile by Number Answered

Percent of People with Each Score

Your Score History

You have not taken this quiz